000
00247nam a22001097a 4500
020
_a
0-87040-414-8
082
_a
746.44 EMB'R
245
_a
EMBROIDERY FOR CHILDREN'S CLOTHING
260
_a
JAPAN
_b
ONDORRISHA
_c
1977
300
_a
102P
942
_c
BK
999
_c
581490
_d
581490